LEADER 00958nam 2200361 450 001 9910813321403321 005 20230814215807.0 010 $a1-944749-86-1 035 $a(CKB)4340000000265177 035 $a(MiAaPQ)EBC5349375 035 $a(EXLCZ)994340000000265177 100 $a20180516d2018 uy 0 101 0 $aeng 135 $aurcnu|||||||| 181 $ctxt$2rdacontent 182 $cc$2rdamedia 183 $acr$2rdacarrier 200 10$aCancer /$fMary E. Miller 210 1$aNew York :$cMomentum Press,$d2018. 215 $a1 online resource (91 pages) $cillustrations 311 1 $a1-944749-85-3 320 $aIncludes bibliographical references and index. 606 $aCancer 615 0$aCancer. 676 $a616.994 700 $aMiller$b Mary E.$0940760 801 0$bMiAaPQ 801 1$bMiAaPQ 801 2$bMiAaPQ 906 $aBOOK 912 $a9910813321403321 996 $aCancer$93967826 997 $aUNINA